[Event "EOBCC TOP16 2020"]
[Site "Online"]
[Date "2020.12.19"]
[Round "2.3"]
[White "Petrosyan, Manuel"]
[Black "Jones, Gawain C B"]
[Result "0-1"]
[WhiteElo "2628"]
[BlackElo "2670"]
[Annotator "TA"]
[PlyCount "160"]
[EventDate "2020.12.18"]
[EventType "k.o."]
[EventCountry "NET"]
[SourceTitle "playchess.com"]
[Source "ChessBase"]
[SourceQuality "1"]

{[%evp 18,160,5,1,10,0,7,6,14,-11,-11,-67,-75,-70,-85,-59,-14,-61,-22,-14,15,18,73,0,22,22,23,-24,36,21,24,20,23,29,20,20,117,95,75,16,16,16,24,22,72,72,72,72,72,72,72,72,72,72,72,72,72,72,72,72,72,72,72,56,72,72,72,56,56,56,56,56,56,52,56,58,64,20,20,20,20,0,0,0,0,0,0,0,0,0,0,0,8,0,0,0,8,0,0,-105,-105,-424,-422,-697,-576,-711,-609,-29969,-282,-975,-972,-966,-968,-893,-743,-1648,-29973,-29972,-29973,-29980,-29981,-29981,-29982,-29982,-29983,-29983,-29983,-29983,-29983,-29984,-29984,-29984,-29985,-29987,-29988,-29988,-29989,-29989,-29986,-29990,-29991,-29991,-29990,-29990,-29991]} 1. Nf3 Nf6 2. g3 g6 3. Bg2 Bg7 4. O-O O-O 5. c4 c5 6. Nc3 Nc6 7. d3 d6 8. Rb1 Rb8 9. a3 a6 10. Bd2 Bd7 {A38: Symmetrical English vs ...g6: 4 Bg2 Bg7 5 Nf3 Nf6.} 11. b4 cxb4 12. axb4 b5 {The position is equal.} 13. Nd5 bxc4 14. Nxf6+ (14. dxc4 $11 Ne4 15. Nd4 Nxd4 16. Bxe4) 14... Bxf6 $15 15. dxc4 Bf5 16. Rb3 {[#]} Be6 $146 ({Predecessor:} 16... Qc7 17. b5 axb5 18. cxb5 Na5 19. b6 Qc5 20. Be3 Qc8 21. Rb5 Nc4 22. Bd4 e5 {0-1 (43) Kharmunova,N-Cornette,D Budva 2003}) 17. Qc2 (17. Ng5 $5 {[%cal Rg5e6]} Bxg5 18. Bxg5 Nxb4 19. Qd2 $11) 17... Rc8 18. Ra3 Nb8 19. c5 Nd7 (19... dxc5 $11 {keeps the balance.} 20. bxc5 Nd7) 20. Be3 (20. Rxa6 $16 dxc5 21. b5) 20... dxc5 21. bxc5 Bf5 $1 {[%cal Rf5c2]} 22. Qc1 Qc7 ({Black should try} 22... Nxc5 $1 $11 23. Bxc5 Qc7) 23. Nd4 {Black must now prevent c6.} Qxc5 24. Qxc5 Rxc5 25. Nxf5 Rxf5 26. Rxa6 Ne5 (26... Nc5 $11 27. Rc6 Ne6) 27. Be4 Rh5 28. h4 (28. Ra4 $16) 28... Nc4 $11 29. Bf4 Rd8 30. Rc1 Nd6 31. Rd1 Rc5 32. Bxd6 Rxd6 33. Raxd6 exd6 34. Rxd6 $16 {[%mdl 4096] Endgame KRB-KRB} Kg7 35. Rd7 Re5 36. Bf3 h5 37. Kf1 Re7 38. Rd3 Ra7 39. Kg2 Be7 40. Bd5 Ra6 41. Rb3 Rd6 42. e4 Rd7 43. Rb5 Bf6 44. f4 Bd4 45. Kf3 Ra7 46. e5 Ra3+ 47. Ke4 Bf2 48. Bb3 Bxg3 49. Kf3 Bxh4 50. Rb7 Kh6 51. Ke4 f5+ 52. Kd5 g5 53. Rb6+ Kg7 54. Rb7+ Kf8 55. Rb8+ Kg7 56. Rb7+ Kf8 57. Rb8+ Kg7 58. Kd6 (58. Rb7+ $11 {remains equal.} Kg6 59. Rb6+ Kg7 60. Rb7+) 58... gxf4 $17 {...f3 is the strong threat.} 59. Rb7+ $2 {[%mdl 8192] Loses the game.} (59. Ke6 $17 {was the crucial defense.}) 59... Kh6 $19 60. e6 (60. Ke6 $142 Kg6 61. Bc4) 60... f3 61. Bc4 {Cut Off at move 61} Re3 62. Rb3 Re4 $2 (62... Rxb3 {mates} 63. Bxb3 Bf6 64. Bd5 f2 65. Bg2 Kg5 66. Bf1 h4 67. Bh3 Kf4 68. Bg2 Kg3 69. Bd5 f1=Q 70. e7 Qa6+ 71. Kd7 Qa7+ 72. Kd6 Qxe7+ 73. Kc6 Qe8+ 74. Kd6 h3 75. Bh1 Qe1 76. Bd5 Be7+ 77. Kd7 {[#]} Qd1 $1 {[%mdl 512]} 78. Ke6 h2 79. Ke5 Qa1+ 80. Ke6 Qf6+ 81. Kd7 Qd6+ {[%mdl 64] Double Attack} 82. Kc8 Qxd5 83. Kc7 h1=B 84. Kb6 Bd8+ 85. Ka7 Qb7#) 63. Bd5 $2 (63. Kd5 Rf4 64. Bf1) 63... f2 64. Rf3 Re1 65. Bc4 Kg6 66. Bd3 Rd1 67. e7 {[#]Black mates.} Rxd3+ $1 {[%mdl 64] Promotion} 68. Rxd3 {[#]} Bxe7+ $1 {[%mdl 576] Promotion} 69. Kxe7 f1=Q {KQ-KR} 70. Rg3+ Kh6 71. Kf6 Qa1+ 72. Kxf5 Qa6 73. Kf4 Qe6 74. Kf3 h4 75. Rg4 Qf5+ 76. Rf4 Qd3+ 77. Kg4 Qg3+ 78. Kf5 h3 79. Ke4 {[#]} Qxf4+ $1 {[%mdl 64] Promotion} 80. Kxf4 h2 {Weighted Error Value: White=0.31/Black=0.12} 0-1

[Event "EOBCC TOP16 2020"]
[Site "Online"]
[Date "2020.12.19"]
[Round "2.4"]
[White "Jones, Gawain C B"]
[Black "Petrosyan, Manuel"]
[Result "0-1"]
[WhiteElo "2670"]
[BlackElo "2628"]
[Annotator "TA"]
[PlyCount "140"]
[EventDate "2020.12.18"]
[EventType "k.o."]
[EventCountry "NET"]
[SourceTitle "playchess.com"]
[Source "ChessBase"]
[SourceQuality "1"]

{[%evp 16,140,63,43,45,25,26,2,54,12,23,31,35,0,55,36,10,-31,-31,-39,-25,-23,-29,-37,-33,-36,-16,-46,-12,-28,-20,-31,-39,-29,-32,-54,0,-45,0,0,0,0,0,0,2,0,0,0,0,0,0,0,0,0,0,0,0,0,0,0,0,0,0,0,0,0,0,0,0,0,0,0,0,0,0,0,0,0,0,0,0,0,0,0,0,0,0,0,0,0,0,0,0,0,0,0,0,0,0,0,0,0,0,-12837,-12837,-12837,-12838,-12841,-12841,-12841,-12842,-12842,-12842,-12842,-12843,-12843,-12843,-12844,-12844,-12845,-12845,-12846,-12846,-12846,-12847,-12847,-12847]} 1. e4 c5 2. Nf3 e6 3. Nc3 a6 4. g3 b5 5. Bg2 Bb7 6. d4 cxd4 7. Nxd4 Ne7 8. O-O Nbc6 {8...Nec6 injects fresh life into this line.} 9. Nb3 Ng6 {B46: Sicilian: Taimanov: 5 Nc3 a6.} 10. Re1 {[#]} h5 $146 ({Predecessor:} 10... d6 11. f4 Be7 12. Be3 Qc7 13. Qd2 O-O 14. a4 b4 15. Na2 a5 16. c3 bxc3 17. Nxc3 {1-0 (51) Ersahin,B (2145)-Tosic,S (2326) Paracin 2017}) 11. h4 Nge5 (11... Nce5 $11) 12. Bf4 d6 13. a4 b4 14. Nd5 Ng6 (14... f6 $11) 15. Bg5 f6 16. Nf4 {[%mdl 64] [#] Double Attack} Nge5 $1 17. Nxe6 Qe7 18. Nxf8 {Hoping for Ng6.} fxg5 19. f4 gxf4 20. gxf4 Rxf8 21. fxe5 Qxe5 {White must now prevent ...Rf4.} (21... Nxe5 $5 {[%cal Re5g4]} 22. Na5 O-O-O 23. Nxb7 Qxb7 $15) 22. Qd5 O-O-O 23. Qxe5 Nxe5 24. Nd4 {Threatening Ne6.} Rf6 25. Rf1 Rdf8 (25... Rg6 $15 26. Rf4 d5) 26. Ne6 Rxf1+ (26... Rg8 {is more complex.} 27. Rxf6 gxf6 28. Kf2 Rg4 29. Rd1 Bxe4 30. Bh3 Rxh4 31. Kg3 Rxh3+ 32. Kxh3 Bf5+) 27. Rxf1 Rxf1+ 28. Kxf1 $15 {[%mdl 4096] Endgame KBN-KBN} g6 29. Ke2 Bc6 30. b3 Bd7 31. Nf4 a5 32. Ke3 Kc7 33. Bf1 Bg4 34. Be2 Bd7 35. Nd5+ Kd8 36. Kf4 Be6 37. Ne3 Ke7 38. Kg5 Kf7 39. Nf1 Kg7 40. Nd2 Nf7+ 41. Kf4 Kf6 42. Bd1 Ne5 43. Be2 Bf7 44. Bd1 Be8 45. Be2 Bc6 46. Nc4 Nxc4 47. Bxc4 $11 {KB-KB} Bd7 48. Be2 Be6 49. Bd1 Bf7 50. Be2 Be8 51. Bc4 Bd7 52. Be2 Bc8 53. Bd1 Ba6 54. Bf3 Bf1 55. Bd1 g5+ (55... Bg2 $5) 56. hxg5+ Kg6 57. Bf3 h4 {Threatens to win with ...h3.} 58. Kg4 h3 {aiming for ...Bg2.} 59. Kg3 $2 {[%mdl 8192]} (59. e5 $11 dxe5 60. Be4+ Kg7 61. Kg3) 59... Kxg5 $19 {Black is clearly winning.} 60. Bd1 Kf6 61. Bg4 {Cut Off at move 61} Ke5 62. Kf2 Bg2 63. Kg3 Kxe4 64. Bh5 Kd4 65. Bg6 Kc3 66. Bd3 d5 67. Bf5 {[#]} Be4 $1 68. Bxh3 Bxc2 69. Kf2 d4 70. Bg4 d3 {Weighted Error Value: White=0.22/Black=0.07} 0-1

[Event "EOBCC TOP16 2020"]
[Site "Online"]
[Date "2020.12.19"]
[Round "2.4"]
[White "Meier, Georg"]
[Black "Shirov, Alexei"]
[Result "0-1"]
[WhiteElo "2628"]
[BlackElo "2662"]
[Annotator "TA"]
[PlyCount "66"]
[EventDate "2020.12.18"]
[EventType "k.o."]
[EventCountry "NET"]
[SourceTitle "playchess.com"]
[Source "ChessBase"]
[SourceQuality "1"]

{[%evp 19,66,27,27,22,13,14,45,33,19,27,12,0,8,0,6,12,71,52,65,50,54,52,60,60,69,51,69,35,33,3,26,25,95,0,18,0,0,-8,-2,-115,-95,-83,-85,-96,-88,-604,-638,-558,-611]} 1. Nf3 d5 2. g3 g6 3. Bg2 Bg7 4. d4 Nf6 5. c4 c6 6. cxd5 cxd5 7. Nc3 O-O 8. Ne5 e6 9. O-O Nfd7 10. Nf3 Nc6 11. Bf4 {D79: Fianchetto Grünfeld: Symmetrical Variation (6 0-0 c6 7 cxd5 cxd5).} Nb6 (11... Qb6 12. Na4 Qb5 13. b3 Nb6 14. Nb2 Qa5 15. Bd2 Qa3 16. Bc3 a5 17. Nd3 Nd7 18. Bb2 Qd6 19. a4 Re8 {½-½ (35) Meier,G (2629)-Shirov,A (2677) chess.com INT 2020}) 12. Rc1 {[#]} Bd7 $5 $146 {[%mdl 8] An interesting novelty.} ({Predecessor:} 12... a6 13. b3 Bd7 14. Qd2 Re8 15. Bh6 Bh8 16. h4 Ne7 17. h5 Rc8 18. Rc2 Bc6 {0-1 (60) Petrov,N (2585)-Zubov,A (2601) Moscow 2019}) 13. e4 {White is slightly better.} dxe4 14. Nxe4 Nd5 15. Bg5 Qb6 16. Nc5 $36 {[%mdl 2048] White has some pressure.} Be8 17. Qd2 Rc8 {[#]} (17... Qb4 $11) 18. Bh6 $1 $16 Nce7 19. Bxg7 Kxg7 20. Ne5 Rd8 21. Rfd1 a6 22. a3 Qa7 23. h4 (23. Bxd5 $5 Nxd5 24. Qg5 $14) 23... b6 24. Ne4 h5 25. Nc3 f6 (25... Nxc3 $11 26. bxc3 (26. Rxc3 Qb8 $14) (26. Qxc3 f6 $14) 26... Nf5) 26. Nc4 (26. Nxd5 $16 {Black must now prevent Rc7.} Nxd5 27. Nc6 Bxc6 28. Rxc6) 26... Bf7 27. Ne3 Nxe3 28. Qxe3 Nf5 {[%cal Be7f5,Bf5d4,Bd4e2][%mdl 32]} 29. Qf4 {[#]} (29. Qe4 $11) 29... Rxd4 $1 {[%mdl 576] Remove Defender, Decoy} 30. Rxd4 e5 {[%mdl 64] Double Attack} 31. Qe4 Nxd4 32. Nd5 $2 {[%mdl 8192]} (32. f4 $17) 32... Bxd5 $1 $19 {[%mdl 64] Overworked Piece} 33. Qxd5 Ne2+ {[%mdl 64] Double Attack. Accuracy: White = 65%, Black = 82%.} 0-1

[Event "EOBCC TOP16 2020"]
[Site "Online"]
[Date "2020.12.19"]
[Round "2.4"]
[White "Indjic, Aleksandar"]
[Black "Bluebaum, Matthias"]
[Result "0-1"]
[WhiteElo "2604"]
[BlackElo "2672"]
[Annotator "TA"]
[PlyCount "116"]
[EventDate "2020.12.18"]
[EventType "k.o."]
[EventCountry "NET"]
[SourceTitle "playchess.com"]
[Source "ChessBase"]
[SourceQuality "1"]

{[%evp 9,116,-15,-3,-4,-5,-12,11,3,12,0,0,0,14,0,0,-34,-7,-25,0,0,0,0,0,0,11,18,15,-18,-22,-57,-35,-45,-55,-66,-31,-46,-61,-53,-43,-77,-70,-87,-80,-179,-159,-306,-302,-304,-267,-258,-262,-246,-250,-266,-254,-247,-251,-269,-176,-145,-122,-207,-196,-242,-186,-190,-161,-183,-176,-345,-178,-179,-172,-164,-43,-186,-197,-180,-40,-216,-212,-204,-75,-81,-81,-70,-8,-8,-8,-16,-8,-8,-8,-8,0,-8,-8,-12,-21,-15,-8,-31,-27,-65,0,-15,-8,-443,-429]} 1. Nf3 d5 2. d3 Nf6 3. c4 e6 4. g3 dxc4 5. Qa4+ Bd7 6. Qxc4 {A06: Réti Opening: 1 Nf3 d5.} c5 7. Bg2 Bc6 8. O-O {The position is equal.} Be7 9. a3 Nbd7 {[#]} 10. Qc2 $146 ({Predecessor:} 10. Nbd2 O-O 11. b3 Rc8 12. Bb2 b5 13. Qc2 Qb6 14. Ne5 Bxg2 15. Kxg2 Rfd8 16. Ndf3 {1-0 (47) Hellen,B-Hytonen,T (2032) Finland 2015}) 10... O-O 11. e4 Rc8 12. b3 b5 (12... c4 $5 13. bxc4 Nc5 $15) 13. Nbd2 Qb6 14. Bb2 Rfd8 15. a4 a6 16. Bc3 Qb7 17. Rfe1 Nb6 18. a5 Nbd7 19. h3 Nf8 20. Ne5 Be8 21. f4 Qb8 22. Rad1 N6d7 23. Nef3 Qc7 24. h4 Nb8 25. h5 h6 26. Be5 (26. e5 $17) 26... Qxa5 $19 27. g4 (27. Bxb8 $17 {was worth a try.} Rxb8 28. Kh1) 27... Nc6 28. Bc3 Qc7 29. e5 Nb4 30. Bxb4 cxb4 31. Qb1 Qc2 32. d4 Qxb1 33. Rxb1 Bc6 34. Ra1 Ra8 35. f5 (35. Kf2 $17) 35... a5 {[%cal Ba6a5,Ba5a4,Ba4a3][%mdl 32]} 36. Ne4 Nh7 37. Rac1 Rac8 38. fxe6 fxe6 39. Nc5 $2 {[#]} (39. Nd6 {is the only way for White.} Bxd6 40. exd6) 39... Bxc5 (39... Nf8 $142 {...Bxf3 is the strong threat.} 40. Kf2 a4) 40. Rxc5 a4 41. Rec1 Bd7 (41... axb3 $19 {Threatens to win with ...b2.} 42. Kf2 (42. Rxc6 $2 Rxc6 43. Rxc6 b2 $19) 42... b2) 42. Rb1 (42. Kf2 $15) 42... a3 43. Ne1 Be8 (43... Ng5 $19 {aiming for ...Rf8.} 44. Ra1 Rxc5 45. dxc5 Be8) 44. Rxc8 $2 ({White should try} 44. Kf2 $15) 44... Rxc8 45. Nd3 g6 (45... Ng5 $19 {is more deadly. And now ...Rc2 would win.} 46. Nxb4 Rc3) 46. Nxb4 $17 gxh5 47. gxh5 Bxh5 ({Better is} 47... Rc3 $15 48. d5 Ng5 49. dxe6 Nh3+ 50. Kh2 Nf4 {[%mdl 64] Double Attack}) 48. Ra1 $11 Ng5 49. d5 exd5 50. Nxd5 {[#] Hoping for Ne7+.} Kg7 51. Rxa3 Bf7 52. Ra7 Re8 53. Ne7 Kf8 54. Nf5 Rxe5 55. Nxh6 Bxb3 56. Ra8+ Re8 ({Black should play} 56... Ke7 $15 57. Rb8 Bc4) 57. Ra6 Re6 58. Ra7 $2 {[%mdl 8192]} (58. Ra8+ $11 Kg7 59. Nf5+ Kg6 60. Nd4) 58... Rxh6 {Weighted Error Value: White=0.42/Black=0.25} 0-1

[Event "EOBCC TOP16 2020"]
[Site "Online"]
[Date "2020.12.19"]
[Round "2.5"]
[White "Petrosyan, Manuel"]
[Black "Jones, Gawain C B"]
[Result "0-1"]
[WhiteElo "2628"]
[BlackElo "2670"]
[Annotator "TA"]
[PlyCount "116"]
[EventDate "2020.12.18"]
[EventType "k.o."]
[EventCountry "NET"]
[SourceTitle "playchess.com"]
[Source "ChessBase"]
[SourceQuality "1"]

{[%evp 18,116,68,30,36,44,38,41,72,52,89,81,85,93,96,74,87,83,124,140,137,108,192,146,139,69,73,70,71,70,70,72,71,18,18,18,18,12,18,18,20,17,106,51,257,0,0,0,127,147,174,181,141,174,110,0,0,0,0,0,0,0,0,-102,-105,-169,0,-174,0,0,0,-562,0,-179,-160,-134,0,-601,-573,-654,-654,-570,-537,-509,-276,-291,0,0,0,-702,-608,-339,-108,-104,0,0,0,0,0,0,0]} 1. d4 Nf6 2. c4 g6 3. Nc3 Bg7 4. e4 d6 5. Nf3 O-O 6. Be2 e5 7. O-O Nbd7 8. Be3 Qe7 9. Qc2 c6 10. Rfe1 exd4 {E94: King's Indian: Classical: 6 Be2 e5 7 0-0: Various Black 7th moves.} 11. Nxd4 Nc5 {[%cal Rf6e4]} 12. f3 Nh5 {[#] White is slightly better.} 13. Rad1 $146 ({Predecessor:} 13. Qd2 a5 14. Rad1 a4 15. Bf1 Re8 16. Nc2 Be5 17. g4 Ng7 18. Bg2 Be6 19. Na3 {0-1 (93) Cifuentes Parada,R (2529)-Akopian,V (2673) Cala Mayor 2008}) 13... Be5 {With the idea ...Qh4.} 14. g3 Nxg3 15. hxg3 Bxg3 {...Qh4 is the strong threat.} 16. Bf1 Bxe1 17. Rxe1 Qh4 18. Qf2 Qxf2+ 19. Kxf2 f5 (19... Nd7 $16) 20. b4 Ne6 21. exf5 (21. Rd1 $16) 21... Nxd4 $14 22. Bxd4 {Hoping for fxg6.} Bxf5 23. Ne4 Bxe4 24. Rxe4 Rae8 {White must now prevent ...Rxe4.} 25. Rxe8 (25. Rh4 $16) 25... Rxe8 $11 26. a4 a6 27. f4 Kf7 28. Bg2 h5 29. b5 axb5 (29... Ke7 $11) 30. cxb5 $16 Rc8 $2 (30... Rb8 $14) 31. bxc6 $2 (31. a5 $1 $18) 31... bxc6 $11 32. Bb6 Ke7 (32... d5 $11) 33. a5 $16 {[%mdl 1024] White has strong compensation.} d5 34. Bc5+ Kd8 35. a6 Kc7 36. Kg3 (36. a7 $1 $16) 36... Rb8 $1 $11 37. a7 Rb3+ $1 38. Kh4 Kb7 39. Bf1 Rc3 40. Ba6+ (40. Bd6 $1 $11) 40... Ka8 $17 41. Bb6 (41. Bd4 $17 Rf3 42. Be5) 41... Rb3 $2 (41... Rf3 $1 $19 42. Be2 Rxf4+ 43. Kg5 Rb4) 42. Bg1 $2 (42. Bc5 $11) 42... Rb1 $2 (42... Rf3 $19 43. Bc5 Rxf4+ 44. Kg5 Rg4+ 45. Kh6 h4) 43. Bf2 $11 Rb2 44. Kg3 $2 {[%mdl 8192] [#]} (44. Bc5 $1 $11) 44... Rc2 $2 (44... h4+ $1 $19 {[%mdl 512]} 45. Kf3 (45. Kxh4 Rxf2) 45... h3) 45. Bd4 $2 (45. Kf3 $11 {and White is okay.} Rd2 46. Ke3) 45... c5 $19 46. Be5 Rd2 ({Reject} 46... Kxa7 $6 47. Bd3 $11) (46... Ra2 $1 $17 {[%cal Ra2a6]} 47. Bb5 Kxa7) 47. Bd6 $2 {[%mdl 8192]} (47. Bb8 $11 Rb2 48. Bc8) 47... Kxa7 48. Bb5 Kb6 49. Be8 Re2 50. Bf7 Kc6 51. Be5 g5 $2 (51... c4 $1 $19 {Strongly threatening ...c3!} 52. Kf3 Rh2 53. Bxg6 c3 $1 {[%mdl 512]}) 52. Kf3 $11 Re1 {aiming for ...gxf4.} 53. Bxh5 $2 {[%mdl 8192]} (53. Kf2 $11 Re4 54. Be8+ Kb7 55. Bg6 gxf4 56. Bxe4 dxe4 57. Bxf4) 53... gxf4 $19 54. Bxf4 Rf1+ $2 (54... d4 $19 {and Black stays clearly on top.} 55. Kf2 Re7) 55. Ke3 $17 {[#]} d4+ ({Black should try} 55... Rh1 $1 $17 {[%cal Rh1h5]} 56. Be8+ Kb6) 56. Ke4 $11 {The position is equal.} Rxf4+ 57. Kxf4 Kb5 58. Ke4 Kc4 {[%mdl 32768] Both players deserved the win here.  Weighted Error Value: White=0.87/Black=0.57. Sensor Board Error (Ke4/e5)?} 0-1